UBT Library

The Middle East in crisis: problems and prospects; (Record no. 155)

000 -LEADER
fixed length control field 00693cam a2200181 4500
005 - DATE AND TIME OF LATEST TRANSACTION
control field 20131028044113.0
008 - FIXED-LENGTH DATA ELEMENTS--GENERAL INFORMATION
fixed length control field 720417s1971 dcub 000 0 eng
020 ## - INTERNATIONAL STANDARD BOOK NUMBER
International Standard Book Number 0876093179
080 ## - UNIVERSAL DECIMAL CLASSIFICATION NUMBER
Universal Decimal Classification number 323.1
110 1# -
-- United States.
-- Congress.
-- House.
-- Committee on Foreign Affairs.
-- Subcommittee on the Near East.
245 14 - TITLE STATEMENT
Title The Middle East in crisis: problems and prospects;
260 ## -
-- Washington,
-- U.S. Govt. Print. Off.,
-- 1971.
300 ## -
-- vii, 28 p.
-- map.
-- 24 cm.
500 ## -
-- At head of title: 92d Congress, 1st session. Committee print.
650 ## -
-- Politika dhe qeverisja
-- Lindja e mesme
651 #0 -
-- Middle East
-- Politika dhe qeverisja
-- 1945-1979.
942 ## - ADDED ENTRY ELEMENTS (KOHA)
Source of classification or shelving scheme
Item type Books
Holdings
Withdrawn status Lost status Source of classification or shelving scheme Damaged status Not for loan Collection code Permanent location Current location Shelving location Date acquired Total Checkouts Full call number Barcode Date last seen Price effective from Koha item type
          Koleksioni i përgjithshem UBT - Prishtine UBT - Prishtine Koleksioni i përgjithshem 10/28/2013   323.1 MID 001-000171 10/28/2013 10/28/2013 Books
UBT Library © 2015-2024. All rights reserved University Education for Business and Technology